Plats avec des Épinards - Mort Subite - Statistiques

Statistiques générales
  • Ce quiz a été pris 71 fois
  • Le résultat moyen est 4 sur 16
Answers on the Grid
Answers color-coded by a green-red scale on the quiz's grid according to % correct below.
Saag paneer
Aloo palak
Huîtres Rockefeller
Joe's Special
Mchicha
Spanakopita
Spanakorizo
Nargesi
Paparot
Cannelloni ricotta e spinaci
Eggs Sardou
Pinaattikeitto
Espinacas con garbanzos
Soufflé aux épinards
Poulet à la florentine
Oreilles d'âne
Eggs Royale
Salade César
Spaghetti alle vongole
Gambas con gabardina
Imelletty perunalaatikko
Huîtres chaudes au champagne
Poulet teriyaki
Nargesi kebab
Oreilles de crisse
Sapin-sapin
Lancashire hotpot
Poulet tandoori
 
Statistiques - réponses
Réponse % Correct
Soufflé aux épinards
72%
Cannelloni ricotta e spinaci
63%
Espinacas con garbanzos
37%
Poulet à la florentine
30%
Spanakopita
28%
Saag paneer
26%
Pinaattikeitto
22%
Spanakorizo
20%
Aloo palak
17%
Huîtres Rockefeller
11%
Mchicha
11%
Joe's Special
9%
Eggs Sardou
7%
Oreilles d'âne
7%
Nargesi
6%
Paparot
6%
Aucun quiz correspondant
Distribution des résultats
% des personnes avec chaque résultat
Percentile par nombre de réponses
Votre historique - résultats
Vous n’avez pas pris ce quiz